The rain came down / (Record no. 114759)
[ view plain ]
| 000 -LEADER | |
|---|---|
| fixed length control field | 00518nam a2200169 a 4500 |
| 005 - DATE AND TIME OF LATEST TRANSACTION | |
| control field | 20140414132111.0 |
| 008 - FIXED-LENGTH DATA ELEMENTS--GENERAL INFORMATION | |
| fixed length control field | 110513s19uu xx 00 eng d |
| 020 ## - INTERNATIONAL STANDARD BOOK NUMBER | |
| International Standard Book Number | 0439050219 |
| 050 ## - LIBRARY OF CONGRESS CALL NUMBER | |
| Classification number | TR |
| Item number | R13 2000 |
| 100 ## - MAIN ENTRY--PERSONAL NAME | |
| Personal name | Shannon, David, 1959- |
| 245 ## - TITLE STATEMENT | |
| Title | The rain came down / |
| Statement of responsibility, etc | David Shannon. |
| 260 ## - PUBLICATION, DISTRIBUTION, ETC. (IMPRINT) | |
| Place of publication, distribution, etc | New York : |
| Name of publisher, distributor, etc | Scholastic , |
| Date of publication, distribution, etc | c2000. |
| 520 ## - SUMMARY, ETC. | |
| Summary, etc | An unexpected rain shower causes quarreling among the members of a small community. |
| 650 ## - SUBJECT ADDED ENTRY--TOPICAL TERM | |
| Topical term or geographic name as entry element | Rain and rainfall |
| 650 ## - SUBJECT ADDED ENTRY--TOPICAL TERM | |
| Topical term or geographic name as entry element | Quarreling |
| Withdrawn status | Lost status | Damaged status | Use restrictions | Home library | Current library | Shelving location | Date acquired | Source of acquisition | Cost, normal purchase price | Total Checkouts | Full call number | Barcode | Date last seen | Price effective from | Koha item type |
|---|---|---|---|---|---|---|---|---|---|---|---|---|---|---|---|
| Munich Library | Munich Library | Teachers Reference Section | 05/13/2011 | 135.00 | TR R13 2000 | M6653 | 04/14/2014 | 04/14/2014 | Books |